Multinational finance / (Record no. 5532)
[ view plain ]
| 000 -LEADER | |
|---|---|
| fixed length control field | 00884pam a2200277 a 4500 |
| 001 - CONTROL NUMBER | |
| control field | 5532 |
| 003 - CONTROL NUMBER IDENTIFIER | |
| rucl marc code | BD-RjUL |
| 005 - DATE AND TIME OF LATEST TRANSACTION | |
| control field | 20211208234101.0 |
| 008 - FIXED-LENGTH DATA ELEMENTS--GENERAL INFORMATION | |
| fixed length control field | 131226t19981996ii a b 001 0 eng d |
| 020 ## - INTERNATIONAL STANDARD BOOK NUMBER | |
| International Standard Book Number | 0132409208 (pbk. : alk. paper) |
| 035 ## - SYSTEM CONTROL NUMBER | |
| System control number | (BD-RjUL)5568 |
| 040 ## - CATALOGING SOURCE | |
| Original cataloging agency | DLC |
| Transcribing agency | DLC |
| Modifying agency | DLC |
| -- | BD-RjUL |
| Language of cataloging | eng |
| 041 ## - LANGUAGE CODE | |
| Language code of text/sound track or separate title | eng |
| 082 00 - DEWEY DECIMAL CLASSIFICATION NUMBER | |
| Classification number | 658.1599 |
| Edition number | 20 |
| Author mark and year | BUM 1998 |
| 100 1# - MAIN ENTRY--PERSONAL NAME | |
| Personal name | Buckley, Adrian. |
| 9 (RLIN) | 17332 |
| 245 10 - TITLE STATEMENT | |
| Title | Multinational finance / |
| Statement of responsibility, etc. | by Adrian Buckley. |
| 250 ## - EDITION STATEMENT | |
| Edition statement | 3rd ed. |
| 260 ## - PUBLICATION, DISTRIBUTION, ETC. (IMPRINT) | |
| Place of publication, distribution, etc. | New York : |
| Name of publisher, distributor, etc. | Prentice Hall, |
| Date of publication, distribution, etc. | 1996 [reprinted 1998, 2005]. |
| 300 ## - PHYSICAL DESCRIPTION | |
| Pagination | xiv, 606 p. : |
| Illustrations | ill. ; |
| Size | 23 cm. |
| 504 ## - BIBLIOGRAPHY, ETC. NOTE | |
| Bibliography, etc | Includes bibliographical references (p.587-602) and index. |
| 650 #0 - SUBJECT ADDED ENTRY--TOPICAL TERM | |
| Topical term or geographic name as entry element | International business enterprises |
| General subdivision | Finance. |
| 9 (RLIN) | 8100 |
| Topical term or geographic name as entry element | Foreign exchange. |
| 9 (RLIN) | 17333 |
| Topical term or geographic name as entry element | International finance. |
| 9 (RLIN) | 17334 |
| 942 ## - ADDED ENTRY ELEMENTS (KOHA) | |
| Source of classification or shelving scheme | Dewey Decimal Classification |
| Koha item type | Books |
| Lost status | Source of classification or shelving scheme | Damaged status | Not for loan | Collection code | Permanent Location | Current Location | Shelving location | Date acquired | Source of acquisition | Cost, normal purchase price | Total Checkouts | Full call number | Date last seen | Copy number | Koha item type |
|---|---|---|---|---|---|---|---|---|---|---|---|---|---|---|---|
| Dewey Decimal Classification | Non-fiction | Central Library, University of Rajshahi | Central Library, University of Rajshahi | 26/10/2005 | Dhaka, Paragon Enterprises Ltd. | 225.00 | 658.1599 BUM 1998 | 26/12/2013 | C-3 | Books | |||||
| Dewey Decimal Classification | Non-fiction | Central Library, University of Rajshahi | Central Library, University of Rajshahi | 09/05/2007 | Paragon Enter Ltd. Dhaka | 225.00 | 658.1599 BUM 1998 | 26/06/2016 | C-4 | Books | |||||
| Dewey Decimal Classification | Non-fiction | Central Library, University of Rajshahi | Central Library, University of Rajshahi | 09/05/2007 | Paragon Enter Ltd. Dhaka | 225.00 | 658.1599 BUM 2005 | 26/06/2016 | C-5 | Books | |||||
| Dewey Decimal Classification | Non-fiction | Central Library, University of Rajshahi | Central Library, University of Rajshahi | 26/10/2005 | Paragon Enterprise ltd., Dhaka | 225.00 | 658.1599 BUM 1998 | 05/09/2016 | C-2 | Books | |||||
| Dewey Decimal Classification | Not For Loan | Non-fiction | Central Library, University of Rajshahi | Central Library, University of Rajshahi | Reading Room | 26/06/2005 | Paragogn Enterprise, Dhaka | 225.00 | 658.1599 BUM 1998 | 19/12/2016 | C-1 | Books |